Heaven eyes / (Record no. 3311)

MARC details
000 -LEADER
fixed length control field 00790nam a22002297a 4500
001 - CONTROL NUMBER
control field 3311
003 - CONTROL NUMBER IDENTIFIER
control field FISKH
005 - DATE AND TIME OF LATEST TRANSACTION
control field 20240227084846.0
008 - FIXED-LENGTH DATA ELEMENTS--GENERAL INFORMATION
fixed length control field 240227b cb ||||| |||| 00| 0 eng d
040 ## - CATALOGING SOURCE
Original cataloging agency FISK
Language of cataloging eng
Transcribing agency FISK
Modifying agency FISK
050 ## - LIBRARY OF CONGRESS CALL NUMBER
Classification number PZ7.A448
082 ## - DEWEY DECIMAL CLASSIFICATION NUMBER
Classification number 823.914
100 ## - MAIN ENTRY--PERSONAL NAME
Personal name Almond Davin :
Dates associated with a name 1951
245 ## - TITLE STATEMENT
Title Heaven eyes /
Statement of responsibility, etc. David Almond
260 ## - PUBLICATION, DISTRIBUTION, ETC.
Place of publication, distribution, etc. New York :
Name of publisher, distributor, etc. David Almond,
Date of publication, distribution, etc. 2000
300 ## - PHYSICAL DESCRIPTION
Extent 230 pages :
Other physical details 19 cm :
501 ## - WITH NOTE
With note H
520 ## - SUMMARY, ETC.
Summary, etc. Having escaped from their orphanage on a raft, Erin, January, and Mouse float down into another world of abandoned warehouses and factories, meeting a strange old man and an even stranger girl with webbed fingers and little memory of her past.
521 8# - TARGET AUDIENCE NOTE
Target audience note 480
Source H
700 ## - ADDED ENTRY--PERSONAL NAME
Personal name David Almond
942 ## - ADDED ENTRY ELEMENTS (KOHA)
Source of classification or shelving scheme Dewey Decimal Classification
Koha item type Books
Suppress in OPAC No
Holdings
Withdrawn status Lost status Source of classification or shelving scheme Damaged status Not for loan Collection Home library Current library Shelving location Date acquired Total Checkouts Full call number Barcode Date last seen Date last checked out Copy number Price effective from Koha item type
    Dewey Decimal Classification     Fiction Footprints International School Library Network Toul Kork Campus Footprints International School Library Network Toul Kork Campus   02/27/2024 1 ALM PZ7.A448 823.914 2024-0113 04/24/2025 04/10/2025 1 02/27/2024 Books